00644 2200181 4500001002100000005001500021035002500036090001800061245011700079260004000196300003700236008004100273082001100314084001700325250001700342650008500359990001800444YOGYA00000000003225520180708012103 a0010-081400000031973 aLM 340.05 Ind aIndisch Tijdschrift Van Het Recht :bOrgaan Der Nederlandsch Indische Juristen-Vereeniging /cMr. W. F. Wertheim aBatavia :bDruk Visser & Co.,c1933 a525-651 hlm. :bilus ;c23,5 cm.180708 g 0 dut  a340.05 aL 340.05 IND a1933 afl. 10 aGeneral Publications of Law/Terbitan Berseri Ilmu Hukum, Berkala Umum Ilmu Hukum a38550-PD/A.08